000 00758nam a2200265 a 4500
001 BRL_734
005 20190320210855.0
008 300913s1983----mx-#######---#000-1#spa-#
020 _a9684324820
041 _aspa
044 _amx
050 4 _aPQ2164.A1
_b.B35 1983
100 1 _aBalzac, Honoré de
_d1799-1850
_924784
245 1 0 _aEugenia Grandet ; La Piel de Zapa
_cHonorato de Balzac ; prólogo de Carmen Galindo.
250 _a7a ed.
260 _aMéxico
_bEditorial Porrúa
_c1983
300 _axv, 273 p.
_c23 cm.
440 0 _aSepan Cuantos
_v112
_924785
500 _aAu838
650 1 4 _aLiteratura francesa
_ySiglo XIX
_924786
700 1 _aGalindo, Carmen
_epról.
_924787
740 0 _aLa Piel de Zapa
902 _aGRL
942 _2lcc
_cB
999 _c9546
_d9546